[Event "CHN-chT"]
[Site "Qingdao"]
[Date "2024.04.10"]
[Round "9.3"]
[White "Peng, Hongchi"]
[Black "Li, Shilong"]
[Result "1/2-1/2"]
[WhiteElo "2407"]
[BlackElo "2412"]
[PlyCount "123"]
[EventDate "2024.04.02"]
[EventType "team-swiss"]
[EventRounds "9"]
[EventCountry "CHN"]
[SourceTitle "CB16_2024"]
[SourceDate "2024.04.17"]
[SourceVersion "1"]
[SourceVersionDate "2024.04.17"]
[SourceQuality "1"]
[WhiteTeam "Beijing"]
[BlackTeam "Guangdong"]
[WhiteTeamCountry "CHN"]
[BlackTeamCountry "CHN"]

1. d4 Nf6 2. c4 e6 3. Nc3 d5 4. cxd5 exd5 5. Bg5 Bb4 6. e3 h6 7. Bh4 g5 8. Bg3 Ne4 9. Qc2 h5 10. f3 Nxg3 11. hxg3 Nc6 12. 0-0-0 Bxc3 13. Qxc3 Qd6 14. f4 Bg4 15. Be2 0-0-0 16. Bxg4+ hxg4 17. Ne2 f6 18. Qd3 Qe6 19. Nc3 gxf4 20. exf4 Ne7 21. Rhe1 Qd7 22. Re2 Kb8 23. Rde1 Qf5 24. Re3 Qxd3 25. Rxd3 Nf5 26. Re6 Rhf8 27. b4 c6 28. b5 Rde8 29. Rxe8+ Rxe8 30. bxc6 bxc6 31. Kd2 Kc7 32. Nd1 Nd6 33. Ne3 f5 34. Kc2 Re4 35. Kc1 a5 36. a4 Kd7 37. Kc2 Kc7 38. Kc1 Re8 39. Kc2 Rb8 40. Rb3 Rxb3 41. Kxb3 Kd7 42. Kc2 Ke6 43. Kd3 Ne4 44. Nc2 Kd6 45. Na1 Kc7 46. Nb3 Kb6 47. Ke3 Nxg3 48. Nc5 Ne4 49. Ne6 Kb7 50. Ng7 Nd6 51. Kd3 Kc7 52. Ne6+ Kd7 53. Nc5+ Ke7 54. Nb3 Nb7 55. Ke2 Kd6 56. Ke3 Kc7 57. Kd3 Kd6 58. Ke3 Kc7 59. Kd3 Kb6 60. Ke3 Nd6 61. Nc5 Ne4 62. Ne6 1/2-1/2

[Event "Moscow Aeroflot op-A"]
[Site "Moscow"]
[Date "2024.03.06"]
[Round "7"]
[White "Peng, Hongchi"]
[Black "Derjabin, Ilja"]
[Result "1-0"]
[WhiteElo "2395"]
[BlackElo "2333"]
[PlyCount "101"]
[EventDate "2024.03.03"]
[EventType "swiss"]
[EventRounds "9"]
[EventCountry "RUS"]
[SourceTitle "CB11_2024"]
[SourceDate "2024.03.13"]
[SourceVersion "1"]
[SourceVersionDate "2024.03.13"]
[SourceQuality "1"]

1. d4 Nf6 2. c4 e6 3. Nc3 Bb4 4. Bg5 h6 5. Bh4 b6 6. e3 Bb7 7. Nf3 Bxc3+ 8. bxc3 d6 9. Bd3 Nbd7 10. 0-0 g5 11. Bg3 Nh5 12. Nd2 Nxg3 13. fxg3 Qe7 14. a4 a5 15. Qc2 0-0-0 16. Be4 d5 17. Bf3 h5 18. c5 f5 19. c4 g4 20. Be2 Nxc5 21. dxc5 Qxc5 22. Qc3 dxc4 23. Bxc4 Qc6 24. Rf2 h4 25. gxh4 Kb8 26. Qe5 Rxh4 27. Qxe6 Qc5 28. Nf1 g3 29. Rc2 gxh2+ 30. Kh1 Rg4 31. Raa2 Qb4 32. Bb5 Bd5 33. Qe5 Qd6 34. Qxd6 Rxd6 35. Rab2 c6 36. Bd3 Kc7 37. Bxf5 Rxa4 38. Rc1 Rf6 39. Ng3 Ra3 40. Re1 b5 41. Kxh2 a4 42. e4 Rh6+ 43. Bh3 Be6 44. Nf5 Bxf5 45. exf5 Rc3 46. Rbe2 a3 47. Re6 Rh4 48. Rf1 b4 49. f6 a2 50. f7 Rh8 51. Re5 1-0

[Event "Moscow Aeroflot op-A"]
[Site "Moscow"]
[Date "2024.03.06"]
[Round "8"]
[White "Peng, Hongchi"]
[Black "Drygalov, Andrey"]
[Result "1-0"]
[WhiteElo "2395"]
[BlackElo "2475"]
[PlyCount "157"]
[EventDate "2024.03.03"]
[EventType "swiss"]
[EventRounds "9"]
[EventCountry "RUS"]
[SourceTitle "CB11_2024"]
[SourceDate "2024.03.13"]
[SourceVersion "1"]
[SourceVersionDate "2024.03.13"]
[SourceQuality "1"]

1. d4 Nf6 2. c4 e6 3. Nc3 Bb4 4. Bg5 c5 5. d5 h6 6. Bh4 d6 7. f3 exd5 8. cxd5 0-0 9. e4 a6 10. Bd3 b5 11. Nge2 c4 12. Bc2 Bc5 13. Nd4 Nbd7 14. 0-0 Ne5 15. Kh1 Qb6 16. Nc6 Nh7 17. Ne7+ Kh8 18. f4 Ng6 19. Nxg6+ fxg6 20. e5 Bf5 21. e6 Bd4 22. Bxf5 gxf5 23. Qc2 Rae8 24. Rae1 Qc5 25. Rd1 g6 26. a4 b4 27. Ne2 Bg7 28. Bf2 Qc7 29. a5 Rc8 30. Bb6 Qb7 31. Qa4 Nf6 32. Qxb4 Nxd5 33. Qxd6 Nxb6 34. axb6 Rc6 35. Qd7 Qxd7 36. exd7 Rd8 37. Nc3 Rxb6 38. Rfe1 Rbb8 39. Na4 Bf8 40. Re6 Kg7 41. Rxa6 Rb7 42. Nb6 Bc5 43. Nxc4 Rbxd7 44. Rxd7+ Rxd7 45. g3 Rd1+ 46. Kg2 Rg1+ 47. Kh3 Bd4 48. Rd6 Bf6 49. Rd7+ Kg8 50. b4 g5 51. Ne3 g4+ 52. Nxg4 fxg4+ 53. Kxg4 Rb1 54. Rb7 Bd4 55. Kh5 Bg1 56. Kg6 Kf8 57. f5 Re1 58. Rb8+ Re8 59. Rxe8+ Kxe8 60. Kg7 Bd4+ 61. f6 Kd7 62. Kg6 Ke6 63. f7 Ke7 64. g4 Kf8 65. b5 Bf2 66. h3 Bd4 67. h4 Bf2 68. Kxh6 Kxf7 69. h5 Bd4 70. g5 Kg8 71. Kg6 Be3 72. Kf6 Bd4+ 73. Ke6 Kg7 74. Kd5 Be3 75. g6 Kh6 76. Kc6 Bd4 77. b6 Kxh5 78. b7 Be5 79. g7 1-0

[Event "Moscow Aeroflot op-A"]
[Site "Moscow"]
[Date "2024.03.04"]
[Round "4"]
[White "Suleymenov, Alisher"]
[Black "Peng, Hongchi"]
[Result "1/2-1/2"]
[WhiteElo "2506"]
[BlackElo "2395"]
[PlyCount "157"]
[EventDate "2024.03.03"]
[EventType "swiss"]
[EventRounds "9"]
[EventCountry "RUS"]
[SourceTitle "CB11_2024"]
[SourceDate "2024.03.13"]
[SourceVersion "1"]
[SourceVersionDate "2024.03.13"]
[SourceQuality "1"]

1. d4 Nf6 2. c4 e6 3. Nf3 d5 4. g3 Be7 5. Bg2 0-0 6. 0-0 dxc4 7. Qa4 a6 8. Qxc4 b5 9. Qc2 Bb7 10. Bd2 Be4 11. Qc1 Nc6 12. e3 b4 13. Ne5 Bxg2 14. Nxc6 Bxc6 15. Qxc6 Qd5 16. Rc1 Bd6 17. Qxd5 exd5 18. Be1 a5 19. Nd2 Nd7 20. Rc6 f5 21. Nb3 a4 22. Nc1 Nb8 23. Rc2 Na6 24. Nd3 Rfb8 25. b3 Rb7 26. Rb1 axb3 27. axb3 Nb8 28. Kg2 Kf7 29. h3 Nd7 30. g4 Ke6 31. Rc6 fxg4 32. hxg4 Ke7 33. g5 Ra2 34. Nc1 Ra5 35. Nd3 Ra2 36. Kf3 Rb8 37. Kg4 h6 38. Nf4 Ra5 39. Rbc1 hxg5 40. Kxg5 Nf6 41. f3 Kd7 42. Nd3 Ra2 43. R6c2 Ra3 44. Kg6 Rxb3 45. Rxc7+ Bxc7 46. Nc5+ Ke7 47. Nxb3 Bd6 48. Ra1 Rh8 49. Ra7+ Ke6 50. Ra6 Ke7 51. Nc5 Bxc5 52. dxc5 b3 53. Ra7+ Ke6 54. Ra6+ Ke7 55. Bc3 Rh3 56. Ra7+ Ke6 57. Ra6+ Ke7 58. c6 Rg3+ 59. Kf5 Rxf3+ 60. Kg6 Rxe3 61. Bb4+ Ke6 62. c7+ Kd7 63. Ba5 Re8 64. Rb6 Rc8 65. Rxb3 Ne8 66. Rd3 Kd6 67. Be1 Nxc7 68. Bg3+ Ke6 69. Re3+ Kd7 70. Rd3 Rd8 71. Be5 Kc8 72. Kxg7 d4 73. Kf6 Nb5 74. Kf5 Kb7 75. Ke4 Nc3+ 76. Kf3 Rf8+ 77. Kg2 Nb5 78. Bxd4 Nxd4 79. Rxd4 1/2-1/2

[Event "Qatar Masters op"]
[Site "Doha"]
[Date "2023.10.19"]
[Round "8"]
[White "Dushyant, Sharma"]
[Black "Peng, Hongchi"]
[Result "1/2-1/2"]
[WhiteElo "2339"]
[BlackElo "2395"]
[PlyCount "68"]
[EventDate "2023.10.11"]
[EventType "swiss"]
[EventRounds "9"]
[EventCountry "QAT"]
[SourceTitle "Mega2024 Update 01"]
[Source "Chessbase"]
[SourceDate "2023.11.12"]
[SourceVersion "1"]
[SourceVersionDate "2023.11.12"]
[SourceQuality "1"]

1. e4 c5 2. Nf3 d6 3. d4 cxd4 4. Nxd4 Nf6 5. Nc3 a6 6. Bg5 Nbd7 7. Bc4 Qb6 8. Bb3 e6 9. Bxf6 Nxf6 10. Qd2 Be7 11. 0-0-0 0-0 12. f4 a5 13. f5 a4 14. Bxa4 Nxe4 15. Nxe4 Rxa4 16. f6 gxf6 17. Rhe1 Rxa2 18. Nb3 f5 19. Qh6 fxe4 20. Re3 Qxe3+ 21. Qxe3 f5 22. Qg3+ Kf7 23. Qh3 Kg7 24. Qg3+ Kf7 25. Qh3 Kg8 26. Qg3+ Kh8 27. Rxd6 Bxd6 28. Qxd6 Kg8 29. Qg3+ Kf7 30. Qc7+ Kg6 31. Qg3+ Kf6 32. Qh4+ Kg6 33. Qg3+ Kf7 34. Qc7+ Kg6 1/2-1/2

[Event "Qatar Masters op"]
[Site "Doha"]
[Date "2023.10.17"]
[Round "6"]
[White "Aaryan, Varshney"]
[Black "Peng, Hongchi"]
[Result "1-0"]
[WhiteElo "2339"]
[BlackElo "2395"]
[PlyCount "97"]
[EventDate "2023.10.11"]
[EventType "swiss"]
[EventRounds "9"]
[EventCountry "QAT"]
[SourceTitle "Mega2024 Update 01"]
[Source "Chessbase"]
[SourceDate "2023.11.12"]
[SourceVersion "1"]
[SourceVersionDate "2023.11.12"]
[SourceQuality "1"]

1. d4 f5 2. Nf3 Nf6 3. g3 g6 4. Bg2 Bg7 5. 0-0 0-0 6. c4 d6 7. Nc3 Qe8 8. d5 Na6 9. Nd4 Bd7 10. b3 c6 11. Bb2 Nc7 12. Qd2 Rb8 13. dxc6 bxc6 14. Rad1 Rd8 15. Nc2 Bc8 16. Nb4 Bd7 17. Rfe1 Ne6 18. Nd3 g5 19. e4 f4 20. e5 Ng4 21. exd6 fxg3 22. hxg3 exd6 23. Bh3 Qh5 24. Bxg4 Qxg4 25. Ne4 c5 26. Bxg7 Kxg7 27. Qb2+ Nd4 28. Nxd6 Kg8 29. Ne5 Qh3 30. Rxd4 cxd4 31. Qxd4 Be6 32. c5 Qh6 33. Nc6 Rd7 34. Qe5 Rf6 35. Nd4 Bh3 36. Qd5+ Kh8 37. Qe5 Kg8 38. Ne4 Rf8 39. b4 Qg7 40. Nd6 Qxe5 41. Rxe5 h6 42. f3 Rf6 43. g4 Rf4 44. Rd5 Bxg4 45. fxg4 Rxg4+ 46. Kh2 h5 47. c6 Re7 48. N6f5 Rc7 49. Nh6+ 1-0

[Event "CHN-chT"]
[Site "Hangzhou"]
[Date "2023.05.20"]
[Round "2.3"]
[White "Chen, Zhi"]
[Black "Peng, Hongchi"]
[Result "1/2-1/2"]
[WhiteElo "1892"]
[BlackElo "2422"]
[PlyCount "192"]
[EventDate "2023.05.19"]
[EventType "team-swiss"]
[EventRounds "9"]
[EventCountry "CHN"]
[SourceTitle "CBM 214 Extra"]
[Source "ChessBase"]
[SourceDate "2023.07.31"]
[SourceVersion "1"]
[SourceVersionDate "2023.07.31"]
[SourceQuality "1"]
[WhiteTeam "Zhejiang"]
[BlackTeam "Beijing"]
[WhiteTeamCountry "CHN"]
[BlackTeamCountry "CHN"]

1. e4 e5 2. Nf3 Nc6 3. Bb5 a6 4. Ba4 Nf6 5. 0-0 b5 6. Bb3 Bc5 7. c3 d6 8. h3 Bb7 9. Re1 h6 10. d4 Bb6 11. a3 0-0 12. Bc2 Re8 13. b4 a5 14. d5 Ne7 15. a4 c6 16. dxc6 Bxc6 17. axb5 Bxb5 18. Na3 axb4 19. cxb4 Bc6 20. Bb2 Ng6 21. b5 Bb7 22. Nc4 Rxa1 23. Bxa1 Bc5 24. Bb2 Nf4 25. Qd2 Qc8 26. Ba3 Bxa3 27. Nxa3 N6h5 28. Re3 Nxg2 29. Kxg2 Nf4+ 30. Kg1 Qxh3 31. Ne1 Qg4+ 32. Rg3 Ne2+ 33. Kh2 Nxg3 34. fxg3 f5 35. Nc4 f4 36. gxf4 exf4 37. Nxd6 Qg3+ 38. Kh1 Re5 39. Bd1 Qh3+ 40. Kg1 Rg5+ 41. Ng2 f3 42. Bxf3 Qxf3 43. Nxb7 Rxb5 44. Nd6 Rb1+ 45. Kh2 Qh5+ 46. Kg3 Rb3+ 47. Kf2 Qf3+ 48. Kg1 Rd3 49. Qa2+ Kh7 50. Nc4 Qxe4 51. Qc2 Kh8 52. Ne5 Qd4+ 53. Kf1 Rc3 54. Qf5 Rc1+ 55. Ne1 Qc5 56. Nf7+ Kg8 57. Nxh6+ gxh6 58. Qg6+ Kf8 59. Qxh6+ Ke7 60. Qg7+ Kd8 61. Qf6+ Kc7 62. Qf7+ Kb6 63. Qe6+ Ka5 64. Qa2+ Kb5 65. Qb3+ Ka6 66. Qe6+ Kb7 67. Qd7+ Kb6 68. Qe6+ Kc7 69. Qf7+ Kd8 70. Qf6+ Kd7 71. Qf7+ Kd6 72. Qf8+ Kd5 73. Qxc5+ Rxc5 74. Nd3 Rc3 75. Ke2 Kd4 76. Nf2 Rg3 77. Nd1 Rd3 78. Nf2 Re3+ 79. Kd2 Re6 80. Nd1 Rh6 81. Ke2 Rb6 82. Nf2 Rb3 83. Nd1 Rb8 84. Nf2 Re8+ 85. Kd2 Re3 86. Nd1 Ra3 87. Ke2 Ra2+ 88. Kf3 Rc2 89. Nf2 Rd2 90. Kg3 Re2 91. Kf3 Re3+ 92. Kf4 Re8 93. Kf3 Re7 94. Ng4 Kd3 95. Nf2+ Kd4 96. Kg4 Ke5 1/2-1/2

[Event "CHN-chT Div A KO"]
[Site "Liaocheng"]
[Date "2023.02.11"]
[Round "6.3"]
[White "Chen, Qi B"]
[Black "Peng, Hongchi"]
[Result "1/2-1/2"]
[WhiteElo "2496"]
[BlackElo "2412"]
[PlyCount "70"]
[EventDate "2023.02.06"]
[EventType "team-k.o."]
[EventRounds "6"]
[EventCountry "CHN"]
[SourceTitle "CBM 212 Extra"]
[Source "ChessBase"]
[SourceDate "2023.03.31"]
[SourceVersion "1"]
[SourceVersionDate "2023.03.31"]
[SourceQuality "1"]
[WhiteTeam "Jiangsu"]
[BlackTeam "Beijing"]
[WhiteTeamCountry "CHN"]
[BlackTeamCountry "CHN"]

1. e4 e6 2. d4 d5 3. exd5 exd5 4. Nf3 Nf6 5. Bd3 Bd6 6. Qe2+ Qe7 7. Qxe7+ Bxe7 8. Bf4 c6 9. h3 h6 10. Nc3 Be6 11. 0-0-0 Nbd7 12. Rde1 Nb6 13. Ne5 Bd6 14. Bh2 Bb4 15. f3 0-0 16. Re2 Nfd7 17. Nd1 Nxe5 18. Bxe5 Rfe8 19. c3 Bf8 20. g4 Nc4 21. Bh2 b5 22. Rhe1 Rec8 23. Ne3 Nxe3 24. Rxe3 c5 25. Kd1 Rc6 26. f4 cxd4 27. cxd4 Rac8 28. Bg3 Bd7 29. Ke2 Rc1 30. Re5 Rxe1+ 31. Bxe1 Bc6 32. Kf3 Bd6 33. Re2 Bd7 34. Bd2 b4 35. Re1 a5 1/2-1/2

[Event "CHN-chT Div A KO"]
[Site "Liaocheng"]
[Date "2023.02.07"]
[Round "2.3"]
[White "Bu, Xiangzhi"]
[Black "Peng, Hongchi"]
[Result "1/2-1/2"]
[WhiteElo "2698"]
[BlackElo "2412"]
[PlyCount "42"]
[EventDate "2023.02.06"]
[EventType "team-k.o."]
[EventRounds "6"]
[EventCountry "CHN"]
[SourceTitle "CBM 212 Extra"]
[Source "ChessBase"]
[SourceDate "2023.03.31"]
[SourceVersion "1"]
[SourceVersionDate "2023.03.31"]
[SourceQuality "1"]
[WhiteTeam "Chongqing Ticai"]
[BlackTeam "Beijing"]
[WhiteTeamCountry "CHN"]
[BlackTeamCountry "CHN"]

1. Nf3 Nf6 2. c4 e6 3. Nc3 d5 4. d4 c5 5. e3 Nc6 6. cxd5 Nxd5 7. Bd3 Be7 8. 0-0 0-0 9. a3 Nxc3 10. bxc3 b6 11. Qe2 Bb7 12. Rd1 Qc7 13. e4 Na5 14. Be3 Rfd8 15. h4 h6 16. h5 b5 17. Rab1 a6 18. Ne5 Nc6 19. Nf3 Na5 20. Ne5 Nc6 21. Nf3 Na5 1/2-1/2

[Event "CHN-chT Div A KO"]
[Site "Liaocheng"]
[Date "2023.02.06"]
[Round "1.3"]
[White "Peng, Hongchi"]
[Black "Bu, Xiangzhi"]
[Result "0-1"]
[WhiteElo "2412"]
[BlackElo "2698"]
[PlyCount "106"]
[EventDate "2023.02.06"]
[EventType "team-k.o."]
[EventRounds "6"]
[EventCountry "CHN"]
[SourceTitle "CBM 212 Extra"]
[Source "ChessBase"]
[SourceDate "2023.03.31"]
[SourceVersion "1"]
[SourceVersionDate "2023.03.31"]
[SourceQuality "1"]
[WhiteTeam "Beijing"]
[BlackTeam "Chongqing Ticai"]
[WhiteTeamCountry "CHN"]
[BlackTeamCountry "CHN"]

1. d4 Nf6 2. c4 e6 3. Nf3 d5 4. Nc3 Bb4 5. Bg5 Nbd7 6. e3 c5 7. cxd5 exd5 8. Bd3 Qa5 9. Qc2 c4 10. Bf5 0-0 11. 0-0 Re8 12. Nd2 g6 13. Bh3 Kg7 14. Rae1 Nb6 15. Bxc8 Raxc8 16. Bxf6+ Kxf6 17. f4 Kg7 18. f5 Na4 19. Ndb1 Nxc3 20. bxc3 Bd6 21. Qf2 Qc7 22. Qh4 Re4 23. Qh3 b5 24. Nd2 Ree8 25. e4 Bf4 26. f6+ Kh8 27. Rf2 dxe4 28. Nxe4 h5 29. g4 b4 30. Qf3 Bh6 31. Ref1 Qc6 32. Re2 bxc3 33. gxh5 g5 34. Nxc3 Qxf3 35. Rxf3 g4 36. Rg3 Rxe2 37. Nxe2 Bd2 38. Nc3 Re8 39. Na4 Re1+ 40. Kf2 Ra1 41. Rxg4 Rxa2 42. Nc5 c3 43. Nd3 c2 44. d5 Bh6 45. Ke1 Ra3 46. Rc4 Rxd3 47. Rxc2 Rxd5 48. Rc7 Kg8 49. Rxa7 Rxh5 50. Ke2 Rxh2+ 51. Kf3 Bg5 52. Ra6 Rh6 53. Kg4 Bxf6 0-1

[Event "CHN-chT Div-A"]
[Site "Fuling"]
[Date "2022.09.18"]
[Round "10.5"]
[White "Peng, Hongchi"]
[Black "Bai, Jinshi"]
[Result "1/2-1/2"]
[WhiteElo "2375"]
[BlackElo "2586"]
[PlyCount "63"]
[EventDate "2022.09.06"]
[EventType "team-tourn"]
[EventRounds "11"]
[EventCountry "CHN"]
[SourceTitle "CBM 210 Extra"]
[Source "ChessBase"]
[SourceDate "2022.11.30"]
[SourceVersion "1"]
[SourceVersionDate "2022.11.30"]
[SourceQuality "1"]
[WhiteTeam "Beijing"]
[BlackTeam "Hangzhou Bank"]
[WhiteTeamCountry "CHN"]
[BlackTeamCountry "CHN"]

1. d4 d5 2. c4 e6 3. Nc3 c5 4. cxd5 exd5 5. Nf3 Nf6 6. Bg5 Be6 7. e3 c4 8. Be2 Bb4 9. 0-0 0-0 10. e4 Bxc3 11. bxc3 dxe4 12. Nd2 Nbd7 13. Nxe4 h6 14. Nxf6+ Nxf6 15. Bxf6 Qxf6 16. Bf3 Rab8 17. Qa4 a6 18. Rfb1 Bf5 19. Rxb7 Rxb7 20. Bxb7 Qb6 21. Bd5 Qb2 22. Qd1 Rd8 23. Bxc4 Qxc3 24. Bxa6 Rxd4 25. Qf1 Rd2 26. Bc4 Rxf2 27. Kxf2 Qd4+ 28. Kg3 Qg4+ 29. Kf2 Qd4+ 30. Kg3 Qg4+ 31. Kf2 Qd4+ 32. Kg3 1/2-1/2

[Event "CHN-chT Div-A"]
[Site "Fuling"]
[Date "2022.09.10"]
[Round "4.5"]
[White "Xu, Minghui"]
[Black "Peng, Hongchi"]
[Result "1-0"]
[WhiteElo "2408"]
[BlackElo "2375"]
[PlyCount "113"]
[EventDate "2022.09.06"]
[EventType "team-tourn"]
[EventRounds "11"]
[EventCountry "CHN"]
[SourceTitle "CBM 210 Extra"]
[Source "ChessBase"]
[SourceDate "2022.11.30"]
[SourceVersion "1"]
[SourceVersionDate "2022.11.30"]
[SourceQuality "1"]
[WhiteTeam "Zhejiang"]
[BlackTeam "Beijing"]
[WhiteTeamCountry "CHN"]
[BlackTeamCountry "CHN"]

1. d4 Nf6 2. c4 e6 3. Nc3 d5 4. cxd5 exd5 5. Bg5 c6 6. Qc2 Be7 7. e3 0-0 8. Bd3 h6 9. Bh4 Nbd7 10. Nge2 Re8 11. 0-0 a5 12. f3 c5 13. Bb5 g5 14. Bf2 Bf8 15. Rad1 cxd4 16. Nxd4 Qc7 17. Qf5 Qd6 18. Qb1 Rd8 19. e4 Nb6 20. Rfe1 Nh5 21. exd5 Nf4 22. Ne6 fxe6 23. Ne4 Qb4 24. Bxb6 Be7 25. Bxd8 Bxd8 26. Nc3 Qc5+ 27. Kh1 Qf2 28. Re2 Nxe2 29. Qg6+ Kf8 30. Nxe2 Qb6 31. Qxh6+ Kg8 32. Qg6+ Kf8 33. Be8 Qc7 34. d6 Qg7 35. d7 Qxg6 36. Bxg6 Kg7 37. Be4 Kf6 38. Nc3 Bc7 39. Nb5 Bb6 40. g3 Bxd7 41. Rxd7 Ke5 42. Rxb7 Be3 43. Nc3 Rd8 44. Rb5+ Kf6 45. Kg2 Rd2+ 46. Kh3 Bg1 47. Kg4 Rxh2 48. Rxg5 Rxb2 49. Rxa5 Bd4 50. Ra3 Ke5 51. f4+ Kf6 52. Bf3 Rb8 53. Ne4+ Ke7 54. Ng5 e5 55. f5 Rg8 56. Ra8 Rg7 57. Rb8 1-0

[Event "CHN-chT"]
[Site "Liaocheng"]
[Date "2021.10.28"]
[Round "9.3"]
[White "Peng, Hongchi"]
[Black "Xiang, Zeyu"]
[Result "1/2-1/2"]
[WhiteElo "2374"]
[BlackElo "2437"]
[PlyCount "108"]
[EventDate "2021.10.20"]
[EventType "team-swiss"]
[EventRounds "9"]
[EventCountry "CHN"]
[SourceTitle "CBM 204 Extra"]
[Source "ChessBase"]
[SourceDate "2021.11.30"]
[SourceVersion "1"]
[SourceVersionDate "2021.11.30"]
[SourceQuality "1"]
[WhiteTeam "Beijing"]
[BlackTeam "Hangzhou"]
[WhiteTeamCountry "CHN"]
[BlackTeamCountry "CHN"]

1. Nf3 d5 2. g3 g6 3. Bg2 Bg7 4. d4 Nf6 5. 0-0 0-0 6. b3 c5 7. Bb2 Ne4 8. Nbd2 Nc6 9. e3 Qc7 10. c4 Nxd2 11. Qxd2 cxd4 12. cxd5 dxe3 13. fxe3 Ne5 14. Nxe5 Bxe5 15. Rac1 Qd6 16. Bxe5 Qxe5 17. Qc3 Qg5 18. Qd4 e5 19. dxe6 Bxe6 20. Bxb7 Rab8 21. Bg2 Qa5 22. Rf2 Rfc8 23. Rcf1 Qc5 24. Qxc5 Rxc5 25. Rd2 Rc3 26. Rf4 Rb5 27. Kf2 Ra5 28. Ke2 Re5 29. Re4 Rec5 30. Red4 Re5 31. R4d3 Rc1 32. Rd4 Rc3 33. Re4 Rec5 34. Bf3 h5 35. Red4 Re5 36. R4d3 Rc1 37. Rd4 Rc3 38. Re4 Rec5 39. h4 a5 40. Red4 Re5 41. R4d3 Rc1 42. e4 Rec5 43. Ke3 Kg7 44. Bd1 Kf6 45. Kf4 Ra1 46. Rd8 a4 47. bxa4 Bxa2 48. R8d3 Be6 49. Re3 Rcc1 50. Red3 Rc4 51. Rd4 Rc3 52. R2d3 Rcc1 53. Rd2 Rc3 54. R2d3 Rcc1 1/2-1/2

[Event "CHN-chT"]
[Site "Liaocheng"]
[Date "2021.10.24"]
[Round "5.3"]
[White "Peng, Hongchi"]
[Black "Lou, Yiping"]
[Result "0-1"]
[WhiteElo "2374"]
[BlackElo "2472"]
[PlyCount "126"]
[EventDate "2021.10.20"]
[EventType "team-swiss"]
[EventRounds "9"]
[EventCountry "CHN"]
[SourceTitle "CBM 204 Extra"]
[Source "ChessBase"]
[SourceDate "2021.11.30"]
[SourceVersion "1"]
[SourceVersionDate "2021.11.30"]
[SourceQuality "1"]
[WhiteTeam "Beijing"]
[BlackTeam "Shanghai"]
[WhiteTeamCountry "CHN"]
[BlackTeamCountry "CHN"]

1. d4 Nf6 2. c4 e6 3. Nf3 b6 4. g3 Bb4+ 5. Bd2 a5 6. Bg2 0-0 7. 0-0 Bb7 8. a3 Be7 9. Nc3 Ne4 10. Nxe4 Bxe4 11. Rc1 Nc6 12. Bf4 g5 13. Be3 d5 14. Qa4 Na7 15. Rfd1 c6 16. Ne5 b5 17. cxb5 cxb5 18. Qb3 a4 19. Qa2 Bxg2 20. Kxg2 Rc8 21. Qb1 f6 22. Nd3 Rc4 23. Rh1 Nc6 24. h4 g4 25. b3 axb3 26. Qxb3 Qa8 27. Nf4 Kf7 28. Qd3 f5 29. Rb1 Rb8 30. Nh5 Qxa3 31. Rb3 Qa2 32. Bc1 Qc2 33. Qe3 Qe4+ 34. Qxe4 fxe4 35. Be3 b4 36. Ra1 Rc3 37. Rb2 Ra3 38. Rc1 Rb6 39. Bf4 Na5 40. Rc7 Rb7 41. Rbc2 Rxc7 42. Rxc7 Rc3 43. Ra7 Nc6 44. Rb7 Kg6 45. Bd2 Kxh5 46. Bxc3 bxc3 47. Rc7 Nxd4 48. Rxe7 Nxe2 49. Rxh7+ Kg6 50. Rc7 d4 51. Kf1 d3 52. Ke1 c2 53. Kd2 Nd4 54. Kc1 e5 55. Rc8 Kf7 56. Rc7+ Ke6 57. Rc8 e3 58. fxe3 Ne2+ 59. Kd2 e4 60. Rc6+ Kd5 61. Rc8 Nxg3 62. Rc7 Ke6 63. Rc6+ Kf7 0-1

[Event "China zt 3.5"]
[Site "Shaoxing"]
[Date "2021.05.31"]
[Round "9"]
[White "Zhu, Jiner"]
[Black "Peng, Hongchi"]
[Result "1-0"]
[WhiteElo "2459"]
[BlackElo "2398"]
[PlyCount "161"]
[EventDate "2021.05.23"]
[EventType "swiss"]
[EventRounds "9"]
[EventCountry "CHN"]
[SourceTitle "CBM 202 Extra"]
[Source "ChessBase"]
[SourceDate "2021.07.31"]
[SourceVersion "1"]
[SourceVersionDate "2021.07.31"]
[SourceQuality "1"]

1. e4 c5 2. Nf3 d6 3. Bb5+ Nd7 4. d4 cxd4 5. Qxd4 a6 6. Bxd7+ Bxd7 7. c4 e5 8. Qd3 Rc8 9. Nc3 Qc7 10. b3 b5 11. Nd5 Qb7 12. Be3 f5 13. exf5 Ne7 14. f6 Bf5 15. f7+ Kxf7 16. Ng5+ Ke8 17. Ne4 Qc6 18. Ndc3 Ng6 19. 0-0 bxc4 20. bxc4 Be6 21. Rfd1 Nh4 22. Rac1 Bxc4 23. Qb1 Qd7 24. Nxd6+ Bxd6 25. Ne4 Nf5 26. Bc5 Qb5 27. Nxd6+ Nxd6 28. Bxd6 Qxb1 29. Rxb1 Kf7 30. Bxe5 Bb5 31. a4 Bc6 32. a5 Bb5 33. f3 Rhe8 34. Re1 Rc2 35. Rb4 Rc4 36. Rxc4 Bxc4 37. Kf2 Bb5 38. h4 h5 39. Kg3 Kg6 40. Kf4 Rf8+ 41. Ke4 Rc8 42. Rd1 Rc4+ 43. Ke3 Rxh4 44. Bd4 Kf7 45. Rc1 g5 46. Rc5 Kg6 47. Rd5 Rh1 48. Rd6+ Kf7 49. Ke4 Rh2 50. g3 Rg2 51. Be5 Re2+ 52. Kf5 Re3 53. f4 Rxg3 54. fxg5 Bd3+ 55. Kf4 Rg4+ 56. Kf3 Bb5 57. Rf6+ Ke7 58. Rh6 Be2+ 59. Ke3 Kf7 60. Rf6+ Kg8 61. g6 Bb5 62. Rb6 Kf8 63. g7+ Ke7 64. Rb7+ Bd7 65. Ra7 h4 66. Rxa6 h3 67. Rh6 Be6 68. a6 Bd5 69. a7 Ra4 70. Bd4 Ra2 71. Rxh3 Ra3+ 72. Kf4 Rxh3 73. g8Q Rh4+ 74. Kg3 Bxg8 75. Bc5+ Kf6 76. a8Q Rh7 77. Qf3+ Kg6 78. Qg4+ Kf6 79. Bd4+ Kf7 80. Qf5+ Ke8 81. Qg6+ 1-0

[Event "China zt 3.5"]
[Site "Shaoxing"]
[Date "2021.05.30"]
[Round "8"]
[White "Xie, Kaifan"]
[Black "Peng, Hongchi"]
[Result "0-1"]
[WhiteElo "1972"]
[BlackElo "2398"]
[PlyCount "60"]
[EventDate "2021.05.23"]
[EventType "swiss"]
[EventRounds "9"]
[EventCountry "CHN"]
[SourceTitle "CBM 202 Extra"]
[Source "ChessBase"]
[SourceDate "2021.07.31"]
[SourceVersion "1"]
[SourceVersionDate "2021.07.31"]
[SourceQuality "1"]

1. d4 d5 2. c4 e6 3. Nf3 c6 4. Nbd2 f5 5. e3 Nf6 6. Bd3 Bd6 7. b3 Ne4 8. Bb2 Nd7 9. 0-0 Qf6 10. Bxe4 fxe4 11. Ne5 0-0 12. f4 Qh6 13. Qe2 Nf6 14. a4 c5 15. Ba3 b6 16. dxc5 bxc5 17. cxd5 exd5 18. Rac1 a5 19. Nxe4 dxe4 20. Qc4+ Kh8 21. Nf7+ Rxf7 22. Qxf7 Ba6 23. Rfe1 Ng4 24. h3 Nxe3 25. Bxc5 Rf8 26. Qxf8+ Bxf8 27. Bxf8 Qxf4 28. Bc5 Nf5 29. Rcd1 h6 30. Rd8+ Kh7 0-1

[Event "China zt 3.5"]
[Site "Shaoxing"]
[Date "2021.05.28"]
[Round "6"]
[White "Bai, Jinshi"]
[Black "Peng, Hongchi"]
[Result "1-0"]
[WhiteElo "2618"]
[BlackElo "2398"]
[PlyCount "83"]
[EventDate "2021.05.23"]
[EventType "swiss"]
[EventRounds "9"]
[EventCountry "CHN"]
[SourceTitle "CBM 202 Extra"]
[Source "ChessBase"]
[SourceDate "2021.07.31"]
[SourceVersion "1"]
[SourceVersionDate "2021.07.31"]
[SourceQuality "1"]

1. d4 Nf6 2. c4 c6 3. Nc3 d5 4. cxd5 cxd5 5. Bf4 g6 6. Nf3 Bg7 7. e3 0-0 8. Be2 Nc6 9. h3 Ne4 10. Rc1 Bf5 11. 0-0 Rc8 12. Na4 Na5 13. Nd2 Nxd2 14. Qxd2 Nc4 15. Qb4 Bd7 16. b3 Na5 17. Nc5 Bc6 18. Bg4 Qb6 19. Qxb6 axb6 20. Bxc8 bxc5 21. Rxc5 b6 22. Rxc6 Nxc6 23. Bb7 Nb4 24. a3 e5 25. Bxe5 Bxe5 26. dxe5 Rb8 27. axb4 Rxb7 28. Rd1 Kf8 29. Rxd5 Ke7 30. f4 Rc7 31. Kf2 Rc3 32. Rd6 h5 33. Rxb6 Rxb3 34. b5 h4 35. Kf3 Rb2 36. Rb8 Ke6 37. b6 Kd7 38. e4 Ke7 39. b7 g5 40. f5 f6 41. exf6+ Kf7 42. Rh8 1-0